000 00693nam a2200193Ia 4500
003 GCL
008 140319s9999 xx 000 0 ara d
040 _aGCL /
_cGCL
082 0 4 _a810.809287
_bع ا
100 1 _aعصام خلف كامل
245 1 0 _aابداع المراة العربية :
_bرؤية سسيولوجية /
_cعصام خلف كامل
260 _aالقاهرة :
_bدار فرحة للنشر والتوزيع ،
_c2005
300 _a150 ص ؛
_c24 سم
650 0 4 _aالمرأة فى مصر
650 0 4 _aالادب العربى - تاريخ ونقد
650 0 4 _aالمرأة فى الادب العربى
650 0 4 _aالمرأة كأديبة
942 _2ddc
_cBK
999 _c8570
_d8570